[Event "XVI Festival A"]
[Site "Trieste ITA"]
[Date "2014.08.31"]
[Round "3"]
[White "Barp, Alberto"]
[Black "Makka, Ioulia"]
[WhiteElo "2030"]
[BlackElo "2124"]
[Result "0-1"]
[PlyCount "68"]
[EventDate "2014.08.30"]

1. d4 Nf6 2. c4 e6 3. Nf3 b6 4. a3 Bb7 5. Nc3 g6 6. d5 exd5 7. cxd5 Bg7 8. e4
Qe7 9. Qd3 Ba6 10. Qc2 Bxf1 11. Kxf1 O-O 12. g3 Ne8 13. Kg2 Na6 14. Re1 c6 15.
Bg5 f6 16. Bf4 Qf7 17. dxc6 dxc6 18. Qa4 Qb7 19. Qc4+ Kh8 20. Nd4 Rc8 21. Ne6
Rf7 22. Rad1 b5 23. Qd3 Re7 24. Nd8 Qb6 25. b4 Nb8 26. e5 Rd7 27. Qxd7 Nxd7 28.
Rxd7 Rxd8 29. exf6 Nxf6 30. Rf7 Rf8 31. Rxf8+ Bxf8 32. Re6 Bg7 33. Bg5 Qd8 34.
Ne4 Qd5 0-1

[Event "XVI Festival A"]
[Site "Trieste ITA"]
[Date "2014.08.31"]
[Round "3"]
[White "Cherin, Diego"]
[Black "Hrescak, Ivana"]
[WhiteElo "2247"]
[BlackElo "2020"]
[Result "1-0"]
[PlyCount "97"]
[EventDate "2014.08.30"]

1. e4 c5 2. Nf3 d6 3. d4 cxd4 4. Nxd4 Nf6 5. Nc3 g6 6. Be3 Bg7 7. f3 Nc6 8. Qd2
O-O 9. O-O-O d5 10. Nxc6 bxc6 11. exd5 Nxd5 12. Nxd5 cxd5 13. Qxd5 Qc7 14. Qc5
Qb7 15. Qa3 Rb8 16. Bd4 e5 17. Bc3 Be6 18. Ba6 Qb6 19. Rhe1 Qf2 20. Re2 Qh4 21.
g3 Qh5 22. g4 Qh3 23. Bxe5 Bxe5 24. Rxe5 Qxh2 25. Qe3 Rb6 26. Be2 Rc8 27. b3
Rbc6 28. Rd2 Rc3 29. Bd3 Qh1+ 30. Kb2 Qh4 31. Qd4 Qg3 32. Be4 Qf4 33. Rb5 R3c7
34. Rb7 a5 35. a4 Rc5 36. Ra7 Qb8 37. Ra8 Qc7 38. Rxc8+ Qxc8 39. Qd8+ Qxd8 40.
Rxd8+ Kg7 41. c3 Re5 42. b4 f5 43. gxf5 Bxf5 44. Bxf5 Rxf5 45. b5 Rf7 46. c4 h5
47. c5 h4 48. c6 h3 49. Rd2 1-0

[Event "XVI Festival A"]
[Site "Trieste ITA"]
[Date "2014.08.31"]
[Round "3"]
[White "Curione, Francesco"]
[Black "Kolesar, Milan"]
[WhiteElo "2192"]
[BlackElo "2166"]
[Result "1/2-1/2"]
[PlyCount "105"]
[EventDate "2014.08.30"]

1. e4 c5 2. Nf3 d6 3. d4 cxd4 4. Nxd4 Nf6 5. Nc3 Nc6 6. Be2 g6 7. Be3 Bg7 8. f3
O-O 9. Qd2 d5 10. O-O-O dxe4 11. Nxe4 Nxe4 12. fxe4 Nxd4 13. Bxd4 Bxd4 14. Qxd4
Qc7 15. Bc4 Bg4 16. Rdf1 Rad8 17. Qc3 Rc8 18. Bd5 Qxc3 19. bxc3 b6 20. Kb2 Be2
21. Rf2 Ba6 22. h4 h6 23. Rh3 e6 24. Bb3 Bb7 25. Re2 Rc7 26. Re1 Kg7 27. Rd3
Rfc8 28. a4 Rc5 29. Bxe6 fxe6 30. Rd7+ Kf6 31. Rxb7 Rxc3 32. e5+ Kf5 33. Rf7+
Kg4 34. Re2 a5 35. Rf6 R8c6 36. Rxg6+ Kh5 37. Rf6 R3c4 38. g3 Rxa4 39. Rf7 Rb4+
40. Kc1 a4 41. Rd7 b5 42. Rd6 Rbc4 43. Red2 a3 44. Kb1 Rb4+ 45. Ka1 Rc5 46.
Rxe6 Re4 47. Ka2 b4 48. Rf2 Rexe5 49. Rxe5+ Rxe5 50. Rf4 Re3 51. Rxb4 Rxg3 52.
Ra4 Rc3 53. Kb1 1/2-1/2

[Event "XVI Festival A"]
[Site "Trieste ITA"]
[Date "2014.08.31"]
[Round "3"]
[White "De Schampheleire, Glen"]
[Black "Stark, Lars"]
[WhiteElo "2307"]
[BlackElo "2453"]
[Result "0-1"]
[PlyCount "78"]
[EventDate "2014.08.30"]

1. d4 Nf6 2. c4 e6 3. g3 c5 4. d5 exd5 5. cxd5 d6 6. Nc3 g6 7. Bg2 Bg7 8. Nf3
O-O 9. O-O a6 10. a4 Re8 11. Nd2 Nbd7 12. h3 Rb8 13. Nc4 Nb6 14. Na3 Bd7 15. e4
Qc7 16. Re1 Nxa4 17. Nxa4 b5 18. Nxc5 Qxc5 19. Re2 Qc8 20. Bf4 Bxh3 21. Bxd6
Bxg2 22. Kxg2 Rb6 23. Re1 Qd7 24. Bc5 Rbb8 25. f3 Nh5 26. Bf2 f5 27. d6 fxe4
28. Rxe4 Rxe4 29. fxe4 Rd8 30. Bb6 Qxd6 31. Bxd8 Qxg3+ 32. Kh1 Qh3+ 33. Kg1
Qe3+ 34. Kf1 Bd4 35. Bh4 Qg1+ 36. Ke2 Qe3+ 37. Kf1 Qh3+ 38. Ke2 Nf4+ 39. Kd2
Qd3+ 0-1

[Event "XVI Festival A"]
[Site "Trieste ITA"]
[Date "2014.08.31"]
[Round "3"]
[White "Drazic, Sinisa"]
[Black "Lodici, Lorenzo"]
[WhiteElo "2433"]
[BlackElo "2150"]
[Result "1/2-1/2"]
[PlyCount "46"]
[EventDate "2014.08.30"]

1. d4 f5 2. g3 Nf6 3. Bg2 g6 4. Nd2 Bg7 5. e4 fxe4 6. Nxe4 Nxe4 7. Bxe4 d5 8.
Bg2 Nc6 9. c3 e5 10. dxe5 Nxe5 11. f4 Bg4 12. Ne2 Nc6 13. Qxd5 Qxd5 14. Bxd5
O-O-O 15. Bxc6 bxc6 16. Kf2 Rhe8 17. Re1 Rd3 18. a4 h5 19. h4 a6 20. a5 Rf3+
21. Kg2 Rd3 22. Kf2 Rf3+ 23. Kg2 Rd3 1/2-1/2

[Event "XVI Festival A"]
[Site "Trieste ITA"]
[Date "2014.08.31"]
[Round "3"]
[White "Eggleston, David J."]
[Black "Kozul, Zdenko"]
[WhiteElo "2398"]
[BlackElo "2608"]
[Result "1-0"]
[PlyCount "83"]
[EventDate "2014.08.30"]

1. e4 c5 2. Nf3 e6 3. d4 cxd4 4. Nxd4 a6 5. Nc3 d6 6. g4 Ne7 7. Be3 Nbc6 8. Nb3
b5 9. f4 Bb7 10. Qd2 Rc8 11. Qf2 Qc7 12. O-O-O Qb8 13. Bg2 g5 14. f5 Ne5 15.
fxe6 fxe6 16. Nd4 b4 17. Nce2 Nxg4 18. Qg3 Nxe3 19. Qxe3 e5 20. Ne6 g4 21. Rhf1
Rc6 22. Ng3 Qc8 23. Qb3 Rxc2+ 24. Qxc2 Qxe6 25. Qa4+ Nc6 26. Kb1 h5 27. Nf5 Rh7
28. Rf2 Qd7 29. Qb3 Rf7 30. Nxd6+ Bxd6 31. Rxf7 Qxf7 32. Qxf7+ Kxf7 33. Rxd6
Ne7 34. Rh6 a5 35. Rxh5 Kf6 36. Rh8 Ba6 37. Kc2 Ng6 38. Ra8 Bc4 39. b3 Be2 40.
Kd2 Nh4 41. Kxe2 Nxg2 42. Rxa5 1-0

[Event "XVI Festival A"]
[Site "Trieste ITA"]
[Date "2014.08.31"]
[Round "3"]
[White "Horvath, Csaba"]
[Black "Tratar, Marko"]
[WhiteElo "2540"]
[BlackElo "2490"]
[Result "1/2-1/2"]
[PlyCount "27"]
[EventDate "2014.08.30"]

1. Nf3 Nf6 2. g3 b5 3. Bg2 Bb7 4. Na3 a6 5. c4 c6 6. O-O d5 7. b3 e6 8. Nc2
Nbd7 9. cxd5 cxd5 10. Bb2 Be7 11. Nfd4 O-O 12. f4 b4 13. Nf3 Qb6+ 14. Kh1
1/2-1/2

[Event "XVI Festival A"]
[Site "Trieste ITA"]
[Date "2014.08.31"]
[Round "3"]
[White "Horvath, Jozsef"]
[Black "Popchev, Milko"]
[WhiteElo "2501"]
[BlackElo "2240"]
[Result "1-0"]
[PlyCount "118"]
[EventDate "2014.08.30"]

1. c4 e5 2. g3 Nc6 3. Bg2 g6 4. Nc3 Bg7 5. e4 d6 6. Nge2 h5 7. h4 Be6 8. Nd5
Qd7 9. d3 Nce7 10. d4 c6 11. Ne3 exd4 12. Nxd4 Nf6 13. Qd3 O-O 14. Bd2 Rad8 15.
O-O Bh3 16. f3 Bxg2 17. Kxg2 Rfe8 18. Ba5 b6 19. Bc3 Qb7 20. Rad1 a6 21. Rfe1
Nc8 22. Ne2 Rd7 23. Nf4 Rde7 24. b3 b5 25. Qc2 b4 26. Bd4 Rd8 27. Qb2 Ne8 28.
Bxg7 Nxg7 29. Rd3 Ree8 30. Qf6 Qc7 31. Red1 Qa5 32. R1d2 Qe5 33. Qxe5 Rxe5 34.
g4 Rde8 35. g5 Ne6 36. Nxe6 fxe6 37. Nc2 a5 38. Nd4 Rc5 39. Ne2 a4 40. Nf4 Kf7
41. Re3 Ra5 42. Nd3 axb3 43. axb3 c5 44. Nf4 e5 45. Nd5 Ra7 46. Rf2 Kg7 47. f4
exf4 48. Rxf4 Rf8 49. e5 Rxf4 50. Nxf4 Ra2+ 51. Kf3 dxe5 52. Rxe5 Rb2 53. Re6
Rxb3+ 54. Ke4 Rb1 55. Rxg6+ Kf7 56. Rh6 Ke7 57. Kd5 b3 58. Kxc5 Rh1 59. Nd5+
Ke8 1-0

[Event "XVI Festival A"]
[Site "Trieste ITA"]
[Date "2014.08.31"]
[Round "3"]
[White "Jovanic, Ognjen"]
[Black "Lyell, Mark"]
[WhiteElo "2461"]
[BlackElo "2202"]
[Result "1-0"]
[PlyCount "105"]
[EventDate "2014.08.30"]

1. d4 f5 2. c4 Nf6 3. Nc3 e6 4. e3 b6 5. Bd3 Bb7 6. f3 g6 7. Nge2 Bg7 8. Bd2
O-O 9. O-O Nc6 10. a3 Qe7 11. Be1 Nh5 12. Bf2 d6 13. Qd2 Nd8 14. e4 f4 15. b4
e5 16. Rac1 Ne6 17. d5 Ng5 18. Kh1 Nf7 19. c5 Bf6 20. Nb5 Rfc8 21. cxd6 cxd6
22. Rxc8+ Bxc8 23. Rc1 Qf8 24. Rc7 a5 25. bxa5 bxa5 26. Na7 Rb8 27. Nxc8 Rxc8
28. Rxc8 Qxc8 29. Qxa5 g5 30. Qc3 Qa8 31. Bb5 Bd8 32. a4 g4 33. Qc2 gxf3 34.
gxf3 Qb7 35. Qc6 Qb8 36. Nc1 Kg7 37. Nb3 Bc7 38. a5 Nf6 39. Bb6 Bxb6 40. Qxb6
Qc8 41. Bc6 Kh6 42. Nd2 Ng5 43. a6 Nh5 44. a7 Ng3+ 45. Kg1 Nh3+ 46. Kg2 Ng5 47.
Qf2 Qh3+ 48. Kg1 Qh5 49. a8=Q Qg6 50. hxg3 Nh3+ 51. Kg2 Nxf2 52. Qf8+ Kg5 53.
Qe7+ 1-0

[Event "XVI Festival A"]
[Site "Trieste ITA"]
[Date "2014.08.31"]
[Round "3"]
[White "Larmuseau, Maarten"]
[Black "Heikkila, Antti"]
[WhiteElo "2236"]
[BlackElo "1953"]
[Result "1-0"]
[PlyCount "45"]
[EventDate "2014.08.30"]

1. e4 d6 2. Nc3 c5 3. f4 g6 4. Nf3 Bg7 5. Bc4 e6 6. O-O Ne7 7. d3 O-O 8. Bb3
Nbc6 9. Be3 Nd4 10. Bxd4 cxd4 11. Ne2 a5 12. a4 Bd7 13. Qe1 Nc6 14. Qf2 Qb6 15.
Kh1 Kh8 16. f5 exf5 17. exf5 Bxf5 18. Ng5 Ne5 19. Nxd4 Bd7 20. Qh4 h6 21. Ndf3
Qd8 22. Nxe5 dxe5 23. Nxf7+ 1-0

[Event "XVI Festival A"]
[Site "Trieste ITA"]
[Date "2014.08.31"]
[Round "3"]
[White "Moroni, Luca jr"]
[Black "Larmuseau, Michiel"]
[WhiteElo "2344"]
[BlackElo "2143"]
[Result "1-0"]
[PlyCount "135"]
[EventDate "2014.08.30"]

1. c4 Nf6 2. Nf3 e6 3. g3 b6 4. Bg2 Bb7 5. O-O Be7 6. Nc3 O-O 7. Re1 d6 8. e4
Nbd7 9. d4 e5 10. d5 Ne8 11. Be3 g6 12. Qd2 Ng7 13. b4 f5 14. Bh6 Rf7 15. Ng5
Bxg5 16. Bxg5 Qf8 17. Nb5 Nf6 18. exf5 gxf5 19. Rac1 a6 20. Nc3 Nd7 21. Qc2 f4
22. Bh6 Rf6 23. Bxg7 Qxg7 24. Ne4 Rff8 25. Qd3 Rad8 26. Qb3 Nf6 27. Rc2 Kh8 28.
Rd1 Bc8 29. Nxf6 Qxf6 30. Be4 Rf7 31. Rdd2 Rg8 32. Qd3 Bd7 33. c5 Bb5 34. Qf3
fxg3 35. Qxf6+ Rxf6 36. hxg3 Rg4 37. cxb6 cxb6 38. Rc8+ Kg7 39. f3 Rxg3+ 40.
Kf2 Rh3 41. Ke3 Rf7 42. Rdc2 Kf6 43. Rb8 Rh1 44. Rxb6 Rd7 45. Bd3 Rb1 46. Bxb5
axb5 47. Rxb5 Ra7 48. Rb6 Kf5 49. Rb8 Ra3+ 50. Kf2 Rd1 51. Rb2 Ra1 52. b5 R1xa2
53. Rxa2 Rxa2+ 54. Kg3 Kg5 55. b6 Rb2 56. b7 Kh5 57. Kh3 Rb3 58. Kg2 Kh4 59.
Kf2 h5 60. Ke2 Kh3 61. Rd8 Rxb7 62. Rxd6 Kg3 63. Rf6 h4 64. Ke3 Rb4 65. Rg6+
Kh2 66. Rg4 Rxg4 67. fxg4 Kg3 68. g5 1-0

[Event "XVI Festival A"]
[Site "Trieste ITA"]
[Date "2014.08.31"]
[Round "3"]
[White "Plenca, Jadranko"]
[Black "Altini, Nicola"]
[WhiteElo "2184"]
[BlackElo "2413"]
[Result "1/2-1/2"]
[PlyCount "209"]
[EventDate "2014.08.30"]

1. e4 c5 2. Nf3 Nc6 3. c3 d5 4. exd5 Qxd5 5. d4 Bg4 6. Be2 cxd4 7. cxd4 e6 8.
O-O Nf6 9. h3 Bh5 10. Nc3 Qa5 11. Be3 Bd6 12. a3 O-O 13. b4 Qd8 14. Qb3 Rc8 15.
Rfd1 Nd5 16. Ne4 Bb8 17. Rac1 Kh8 18. Nc5 b6 19. Nd3 Nce7 20. Rxc8 Qxc8 21. Rc1
Qd8 22. Bd2 f6 23. b5 e5 24. dxe5 fxe5 25. Qc4 e4 26. Qxe4 Bxf3 27. Bxf3 Qd6
28. Nb4 Qh2+ 29. Kf1 Qh1+ 30. Ke2 Qxc1 31. Bxc1 Nc3+ 32. Ke1 Nxe4 33. Bxe4 Nf5
34. f3 Bg3+ 35. Kf1 Nd6 36. Bd3 Rc8 37. Nc6 Nxb5 38. Bxb5 a6 39. Bxa6 Rxc6 40.
Bd2 Rc2 41. Bb4 h5 42. Bb7 Rf2+ 43. Kg1 h4 44. Be4 Ra2 45. Kf1 Be5 46. Bc6 Bd4
47. f4 Rf2+ 48. Ke1 Rxf4 49. Ke2 Rf6 50. Bd5 Rf5 51. Be4 Re5 52. Kd3 Bc5 53.
Bc3 Rg5 54. a4 Kg8 55. Be1 Rh5 56. a5 bxa5 57. Bxa5 Bd6 58. Be1 Be7 59. Ke2 Rb5
60. Bc3 Bf6 61. Bxf6 gxf6 62. Kf2 Kg7 63. Kg1 f5 64. Bf3 Rb2 65. Kh2 Kf6 66.
Bd5 Ke5 67. Bc6 Rb3 68. Ba8 Ra3 69. Bf3 Kd6 70. Bb7 Rc3 71. Kg1 Rb3 72. Ba8 Ke5
73. Kh2 Ra3 74. Bb7 Ra1 75. Bc6 Kd6 76. Bb7 Rb1 77. Ba8 Rb3 78. Kg1 Kc5 79. Kh2
Kd4 80. Bc6 Ke3 81. Bf3 Rb6 82. Bd5 Rb4 83. Bc6 Rc4 84. Bf3 Kf2 85. Bd5 Rd4 86.
Bf3 Re4 87. Bh5 Re3 88. Bf7 Re5 89. Bh5 Re3 90. Bf7 Rd3 91. Be8 Rd6 92. Bh5 Rd4
93. Be8 Re4 94. Bc6 Ke3 95. Bd5 f4 96. Bxe4 Kxe4 97. Kg1 Ke3 98. Kf1 f3 99.
gxf3 Kxf3 100. Kg1 Kg3 101. Kh1 Kxh3 102. Kg1 Kg3 103. Kh1 h3 104. Kg1 h2+ 105.
Kh1 1/2-1/2

[Event "XVI Festival A"]
[Site "Trieste ITA"]
[Date "2014.08.31"]
[Round "3"]
[White "Pregarac, Valter"]
[Black "Borgo, Giulio"]
[WhiteElo "2150"]
[BlackElo "2381"]
[Result "1-0"]
[PlyCount "145"]
[EventDate "2014.08.30"]

1. d4 d5 2. c4 e6 3. Nc3 c6 4. Nf3 Nf6 5. Bg5 Nbd7 6. e3 Qa5 7. Nd2 Bb4 8. Qc2
O-O 9. Be2 e5 10. O-O exd4 11. Nb3 Qb6 12. Nxd4 dxc4 13. Bxc4 Qc5 14. Bxf6 Nxf6
15. Be2 Qe5 16. h3 Re8 17. Rfd1 Bd6 18. Nf3 Qe7 19. Nd4 Bc7 20. Rac1 Bd7 21.
Bd3 Qe5 22. Nf3 Qh5 23. Nb5 Bb6 24. Nbd4 Nd5 25. a3 Nxe3 26. fxe3 Rxe3 27. Kf1
Bxh3 28. Bxh7+ Kh8 29. Rd3 Rae8 30. Rxe3 Rxe3 31. Be4 Bg4 32. Rd1 f5 33. Bxf5
Qh1+ 34. Ng1 Bxd1 35. Qxd1 Re5 36. Bc2 Qh4 37. Ngf3 Qf4 38. g3 Qf6 39. Qd3 Rh5
40. Qe4 Qf7 41. Kg2 Qd7 42. Nh4 Qd5 43. Ng6+ Kh7 44. Nf4+ Qxe4+ 45. Bxe4+ Kg8
46. Nxh5 Bxd4 47. b3 g5 48. Kf3 Kf7 49. Bf5 Bb2 50. a4 Ke7 51. Ke4 Kd6 52. Bc8
b5 53. a5 Kc5 54. Bb7 Kb4 55. Bxc6 Kxa5 56. g4 Kb4 57. Bd5 a5 58. Kf5 Bc1 59.
Ng3 a4 60. bxa4 bxa4 61. Ne4 a3 62. Nxg5 Kc3 63. Ne6 Kb2 64. Nf4 a2 65. Bxa2
Kxa2 66. g5 Kb3 67. g6 Bb2 68. Ke6 Ba1 69. Nd3 Bg7 70. Kf7 Ba1 71. Nf4 Ka4 72.
Nh5 Bh8 73. Ng7 1-0

[Event "XVI Festival A"]
[Site "Trieste ITA"]
[Date "2014.08.31"]
[Round "3"]
[White "Samuelli, Daniele"]
[Black "Simoni, Giulio"]
[WhiteElo "1975"]
[BlackElo "1845"]
[Result "1/2-1/2"]
[PlyCount "58"]
[EventDate "2014.08.30"]

1. e4 c5 2. Nf3 d6 3. Nc3 Nf6 4. Bb5+ Nc6 5. O-O e6 6. Bxc6+ bxc6 7. e5 dxe5 8.
Nxe5 Qc7 9. Qe2 Be7 10. d3 Nd5 11. Bd2 O-O 12. Rae1 Re8 13. f4 Nb6 14. Qh5 g6
15. Qf3 Bb7 16. Ne4 f6 17. Ng4 Kg7 18. Bc3 Nd5 19. Ng5 Bc8 20. Nxe6+ Bxe6 21.
Rxe6 Nxc3 22. bxc3 h5 23. Nf2 Bd6 24. Rxe8 Rxe8 25. Ne4 f5 26. Nd2 Re6 27. Nc4
Be7 28. Ne5 Qa5 29. Nxc6 Qxa2 1/2-1/2

[Event "XVI Festival A"]
[Site "Trieste ITA"]
[Date "2014.08.31"]
[Round "3"]
[White "Santeramo, Alessia Carmen"]
[Black "Mazi, Leon"]
[WhiteElo "2059"]
[BlackElo "2361"]
[Result "0-1"]
[PlyCount "50"]
[EventDate "2014.08.30"]

1. e4 c5 2. Nf3 Nc6 3. Bb5 Na5 4. O-O a6 5. Be2 d6 6. Nc3 Nf6 7. d4 cxd4 8.
Nxd4 e6 9. Be3 Qc7 10. f4 Be7 11. Kh1 b5 12. Bf3 Nc4 13. Bc1 Bb7 14. e5 dxe5
15. fxe5 Nd7 16. Bxb7 Qxb7 17. Qg4 Ndxe5 18. Qxg7 O-O-O 19. Nf3 Rhg8 20. Qh6 b4
21. Bf4 bxc3 22. bxc3 Bd6 23. Qh3 Ng4 24. Bxd6 Nxd6 25. Rab1 Qxb1 0-1

[Event "XVI Festival A"]
[Site "Trieste ITA"]
[Date "2014.08.31"]
[Round "3"]
[White "Sepehrkhoui, Ardeshir"]
[Black "Franciskovic, Borka"]
[WhiteElo "2134"]
[BlackElo "2318"]
[Result "0-1"]
[PlyCount "200"]
[EventDate "2014.08.30"]

1. Nf3 Nf6 2. c4 c5 3. g3 Nc6 4. Bg2 e6 5. O-O Be7 6. d4 cxd4 7. Nxd4 a6 8. Nc3
Qc7 9. b3 O-O 10. Bb2 d6 11. Rc1 Ne5 12. Qd2 Bd7 13. Rfd1 Rac8 14. h3 Qb8 15.
a4 Rfd8 16. Kh2 Bf8 17. e4 Ng6 18. Qe2 Re8 19. Qd2 Rcd8 20. Qc2 Qc7 21. Rd2 Bc8
22. Rcd1 Be7 23. Ba3 Bf8 24. Nde2 b6 25. Rd4 Rd7 26. Qd2 Red8 27. Nc1 Bb7 28.
N1a2 Be7 29. Nb4 Bf8 30. Nc2 Be7 31. Qe2 Bf8 32. R4d2 Re8 33. Ne3 Red8 34. f4
Be7 35. Rd3 Bc6 36. R1d2 Bf8 37. Nc2 Bb7 38. Rd1 Ba8 39. Ne3 Bc6 40. R3d2 Bb7
41. Bb4 Bc6 42. Ra2 Rb8 43. Nc2 Be7 44. Nd4 Ba8 45. Rad2 Rdd8 46. Qe1 Rbc8 47.
Nf3 Bc6 48. Re2 Nd7 49. f5 Nge5 50. Nd4 Nf8 51. fxe6 fxe6 52. Nxc6 Nxc6 53. Ba3
Ng6 54. Red2 Rd7 55. Qe3 Rf8 56. Ne2 Rdd8 57. Nd4 Nxd4 58. Rxd4 Ne5 59. R4d2 h6
60. Qe2 Rf7 61. Bb2 Bf6 62. Bd4 Bg5 63. Rc2 Nc6 64. Bg1 Rdf8 65. Rc3 Bf6 66.
Rcd3 Be5 67. Qe3 Rb8 68. h4 Qe7 69. Kh1 Rff8 70. Bh3 Rf6 71. R3d2 Kh7 72. Bf2
Qf7 73. Bg2 Qe7 74. Be1 Qf7 75. Kh2 Qh5 76. Kg1 Qg6 77. Rd3 a5 78. Bc3 Bxc3 79.
Rxc3 e5 80. Rcc1 Nd4 81. Kh2 Rbf8 82. Rf1 Rxf1 83. Rxf1 Rxf1 84. Bxf1 Qg4 85.
Qf2 Qf3 86. Kg1 Qxe4 87. Bg2 Qg4 88. Kh2 Qe2 89. Qf7 Qc2 90. Kh3 Qf5+ 91. Qxf5+
Nxf5 92. Be4 g6 93. h5 Kg7 94. Kg4 Nd4 95. hxg6 Nxb3 96. Kh5 Nc5 97. Bc2 e4 98.
Kg4 Kxg6 99. Kf4 Kf6 100. Bd1 Nd3+ 0-1

[Event "XVI Festival A"]
[Site "Trieste ITA"]
[Date "2014.08.31"]
[Round "3"]
[White "Tagliaferri, Valerio"]
[Black "Markocic, Tine"]
[WhiteElo "1909"]
[BlackElo "1981"]
[Result "0-1"]
[PlyCount "84"]
[EventDate "2014.08.30"]

1. d4 Nf6 2. c4 e6 3. Nc3 Bb4 4. Qc2 c5 5. a3 Qa5 6. e3 Bxc3+ 7. Qxc3 Qxc3+ 8.
bxc3 d6 9. Bd3 Nc6 10. Nf3 b6 11. Nd2 Na5 12. f3 Ba6 13. Ke2 cxd4 14. cxd4 Rc8
15. Bb2 Bxc4 16. Bc3 Bxd3+ 17. Kxd3 Nc6 18. Nc4 Kd7 19. Bb4 Nxb4+ 20. axb4 Rc7
21. e4 Rhc8 22. Ne3 d5 23. Ra3 Ra8 24. b5 Kc8 25. Rha1 Kb7 26. Nc2 dxe4+ 27.
fxe4 Nxe4 28. Nb4 Nd6 29. Na6 Rd7 30. Rb1 Rad8 31. Ra4 Nf5 32. Rbb4 e5 33. Ke4
Nxd4 34. Kxe5 Rd5+ 35. Ke4 Nxb5 36. Ra1 Nc3+ 37. Kf3 Rd3+ 38. Kf2 Rd2+ 39. Kf3
R8d3+ 40. Kf4 Nd5+ 41. Ke4 Nxb4 42. Nxb4 Rb3 0-1

[Event "XVI Festival A"]
[Site "Trieste ITA"]
[Date "2014.08.31"]
[Round "3"]
[White "Vesce, Emanuele"]
[Black "Blasco, Domenico"]
[WhiteElo "1977"]
[BlackElo "1874"]
[Result "1/2-1/2"]
[PlyCount "55"]
[EventDate "2014.08.30"]

1. e4 g6 2. d4 Bg7 3. Nc3 a6 4. f4 d5 5. e5 h5 6. Be3 Nh6 7. Nf3 Bg4 8. h3 Bxf3
9. Qxf3 e6 10. g4 Qh4+ 11. Bf2 hxg4 12. hxg4 Qxg4 13. Qe3 Nf5 14. Rxh8+ Bxh8
15. Qd2 Nh4 16. Be2 Ng2+ 17. Kf1 Qxf4 18. Qd3 Nh4 19. Qh3 g5 20. Nxd5 exd5 21.
Qc8+ Ke7 22. Qxb7 g4 23. Bxg4 Qxg4 24. Qxa8 Qg2+ 25. Ke2 Qf3+ 26. Kf1 Qh1+ 27.
Ke2 Qf3+ 28. Kf1 1/2-1/2

[Event "XVI Festival A"]
[Site "Trieste ITA"]
[Date "2014.08.31"]
[Round "3"]
[White "Viola, Enrico"]
[Black "Suc, Timothy"]
[WhiteElo "1821"]
[BlackElo "2122"]
[Result "0-1"]
[PlyCount "48"]
[EventDate "2014.08.30"]

1. Nf3 Nf6 2. g3 g6 3. Bg2 Bg7 4. d4 d6 5. O-O O-O 6. c4 Nbd7 7. Nc3 e5 8. dxe5
dxe5 9. b3 c6 10. Ba3 Re8 11. Ng5 Qa5 12. Bb2 e4 13. h4 h6 14. Nh3 Ne5 15. Na4
Bf5 16. Qd4 Rad8 17. Bc3 Qa6 18. Qc5 b6 19. Qa3 b5 20. cxb5 cxb5 21. Bxe5 Rxe5
22. Qb2 Ng4 23. Nc3 Rc5 24. Rad1 Rdc8 0-1

[Event "XVI Festival A"]
[Site "Trieste ITA"]
[Date "2014.08.31"]
[Round "3"]
[White "Vovk, Andrey"]
[Black "Dvirnyy, Danyyil"]
[WhiteElo "2614"]
[BlackElo "2530"]
[Result "1-0"]
[PlyCount "95"]
[EventDate "2014.08.30"]

1. e4 e5 2. Nf3 Nc6 3. Bc4 Bc5 4. c3 Nf6 5. b4 Bb6 6. d3 d6 7. a4 a6 8. Nbd2
O-O 9. O-O Ne7 10. Bb3 Ng6 11. Nc4 Ba7 12. Be3 Be6 13. a5 Bxc4 14. Bxc4 Bxe3
15. fxe3 c6 16. Bb3 d5 17. Nd2 Qe7 18. Qe2 Rad8 19. exd5 cxd5 20. Rab1 Rc8 21.
Rfc1 Rfd8 22. Ba2 h5 23. Nb3 Rc6 24. Nc5 Qc7 25. h3 Nf8 26. Rf1 g6 27. Bb3 Kg7
28. Qf2 N8h7 29. Qg3 Qe7 30. Rbe1 b6 31. axb6 Rxb6 32. d4 e4 33. Ra1 Rdd6 34.
Bd1 Qd8 35. Be2 Qc8 36. Ra3 Ne8 37. Bxh5 Nc7 38. Be2 f5 39. Qe5+ Kh6 40. Qf4+
Kg7 41. Qe5+ Kh6 42. Raa1 Rf6 43. Rf2 Kg7 44. h4 Kg8 45. Ra4 Qd8 46. h5 Nf8 47.
hxg6 Nxg6 48. Qg3 1-0

[Event "XVI Festival A"]
[Site "Trieste ITA"]
[Date "2014.08.31"]
[Round "3"]
[White "Wallis, Christopher"]
[Black "Sumets, Andrey"]
[WhiteElo "2348"]
[BlackElo "2622"]
[Result "1-0"]
[PlyCount "63"]
[EventDate "2014.08.30"]

1. d4 Nf6 2. c4 e6 3. Nc3 Bb4 4. e3 c5 5. Nge2 cxd4 6. exd4 O-O 7. a3 Be7 8.
Nf4 d6 9. Be2 e5 10. Nfd5 Nxd5 11. Nxd5 Nc6 12. dxe5 dxe5 13. O-O Bc5 14. Kh1
Bd4 15. Qb3 Rb8 16. Qg3 f5 17. Bg5 Qe8 18. f4 Bxb2 19. Rab1 exf4 20. Bxf4 Be5
21. Bh5 Bxf4 22. Nxf4 Qe5 23. Bf3 Nd8 24. Bd5+ Nf7 25. Rbe1 Qd6 26. c5 Qc7 27.
Qh4 Bd7 28. Re7 Qc8 29. Qh5 Be8 30. Ne6 g6 31. Qh4 Bc6 32. Qf6 1-0

[Event "XVI Festival A"]
[Site "Trieste ITA"]
[Date "2014.08.31"]
[Round "3"]
[White "Zamar Kodelja, Jurij"]
[Black "Franca, Veronika"]
[WhiteElo "2013"]
[BlackElo "1952"]
[Result "1/2-1/2"]
[PlyCount "92"]
[EventDate "2014.08.30"]

1. e4 c5 2. Nc3 Nc6 3. f4 g6 4. Nf3 Bg7 5. Bb5 Nd4 6. O-O a6 7. Bd3 e6 8. e5 d5
9. Nxd4 cxd4 10. Ne2 Qb6 11. b3 Ne7 12. Ba3 Nc6 13. Kh1 f6 14. exf6 Bxf6 15.
Ng1 Nb4 16. Bxb4 Qxb4 17. Nf3 Qd6 18. Ne5 Bxe5 19. fxe5 Qxe5 20. Qf3 Qg7 21.
Rae1 Kd7 22. Qf4 g5 23. Qg3 Kc6 24. Re5 h6 25. Rfe1 Qf7 26. Rf1 Qg7 27. c4 dxc3
28. Rc1 b6 29. Rxc3+ Kb7 30. Re1 Rd8 31. Rec1 e5 32. Rc7+ Qxc7 33. Rxc7+ Kxc7
34. Qxe5+ Rd6 35. h3 Bd7 36. b4 b5 37. Qd4 Bc6 38. Qg7+ Bd7 39. Bf5 Rd8 40. a4
bxa4 41. Bxd7 R8xd7 42. Qa1 Kd8 43. Qxa4 Rb7 44. Qa3 Rb5 45. Qe3 d4 46. Qe4 Kd7
1/2-1/2

[Event "XVI Festival A"]
[Site "Trieste ITA"]
[Date "2014.08.31"]
[Round "3"]
[White "Zuttioni, Federico"]
[Black "Vidic, Miha"]
[WhiteElo "2096"]
[BlackElo "2100"]
[Result "1/2-1/2"]
[PlyCount "98"]
[EventDate "2014.08.30"]

1. e4 c5 2. Nf3 e6 3. d3 Nc6 4. g3 g6 5. Bg2 Bg7 6. O-O Nge7 7. c3 O-O 8. Be3
d6 9. Qc1 f5 10. Bh6 e5 11. Bg5 Rf7 12. Nbd2 h6 13. Bxe7 Nxe7 14. Nc4 Be6 15.
Nfd2 d5 16. Na3 fxe4 17. dxe4 d4 18. cxd4 cxd4 19. Nb3 Rc8 20. Qd2 Qd6 21. Nc1
Rcf8 22. Nd3 Bg4 23. f4 exf4 24. gxf4 Nc6 25. Rac1 Qd7 26. Nc4 h5 27. e5 Bh3
28. Nd6 Re7 29. Nxb7 Qxb7 30. Rxc6 Bf5 31. Rd6 Qb5 32. Rxd4 Qb6 33. Qf2 Bxd3
34. Rxd3 Rxf4 35. Qxb6 Rxf1+ 36. Bxf1 axb6 37. Rd6 Bxe5 38. Rxg6+ Rg7 39. Bc4+
Kf8 40. Rxg7 Bxg7 41. b3 Ke7 42. Kf2 Bf6 43. Ke3 Kd6 44. Ke4 h4 45. Kf5 Be5 46.
h3 Bg3 47. Ke4 Kc5 48. a3 b5 49. Bf7 b4 1/2-1/2

[Event "XVI Festival A"]
[Site "Trieste ITA"]
[Date "2014.08.31"]
[Round "4"]
[White "Altini, Nicola"]
[Black "Moroni, Luca jr"]
[WhiteElo "2413"]
[BlackElo "2344"]
[Result "1/2-1/2"]
[PlyCount "108"]
[EventDate "2014.08.30"]

1. d4 d5 2. c4 e6 3. Nc3 c6 4. e4 dxe4 5. Nxe4 Nf6 6. Nxf6+ Qxf6 7. Nf3 Bb4+ 8.
Bd2 Bxd2+ 9. Qxd2 Nd7 10. O-O-O c5 11. Qe3 O-O 12. dxc5 Qe7 13. c6 bxc6 14. Bd3
Qc5 15. Qxc5 Nxc5 16. Bc2 a5 17. Rd6 Bb7 18. Rhd1 Rfc8 19. Ng5 g6 20. b3 Rab8
21. f4 Kg7 22. Ne4 Nxe4 23. Bxe4 a4 24. Rd7 axb3 25. axb3 Ba8 26. Kb2 c5 27.
Bxa8 Rxa8 28. Rb7 Rd8 29. Rdd7 Rxd7 30. Rxd7 Kf6 31. g4 h6 32. Rc7 Ra5 33. h4
g5 34. hxg5+ hxg5 35. fxg5+ Kxg5 36. Rxf7 Kxg4 37. Kc3 Ra1 38. Rc7 Ra5 39. Rf7
Ra1 40. Rb7 Ra6 41. Rb5 Rc6 42. b4 cxb4+ 43. Kxb4 Kf4 44. c5 e5 45. Rb6 Rc8 46.
Rf6+ Kg5 47. Rf7 e4 48. Re7 Kf4 49. Kb5 e3 50. c6 Kf3 51. Kb6 e2 52. Kb7 Rxc6
53. Kxc6 Kf2 54. Rxe2+ Kxe2 1/2-1/2

[Event "XVI Festival A"]
[Site "Trieste ITA"]
[Date "2014.08.31"]
[Round "4"]
[White "Blasco, Domenico"]
[Black "Zamar Kodelja, Jurij"]
[WhiteElo "1874"]
[BlackElo "2013"]
[Result "0-1"]
[PlyCount "96"]
[EventDate "2014.08.30"]

1. d4 Nf6 2. Nf3 g6 3. Nc3 d5 4. Bf4 Bg7 5. Qd2 Ne4 6. Nxe4 dxe4 7. Ne5 Nd7 8.
Nxd7 Qxd7 9. e3 O-O 10. Rd1 Rd8 11. Bc4 b5 12. Be2 Bb7 13. Qc1 Bd5 14. O-O Bc4
15. Bxc4 bxc4 16. b3 c3 17. h3 Qc6 18. Qa3 e5 19. Bg5 Rd5 20. dxe5 Bxe5 21.
Rxd5 Qxd5 22. Qc1 Bh2+ 23. Kxh2 Qxg5 24. Rd1 Rd8 25. Kg1 Rd5 26. Rxd5 Qxd5 27.
Kf1 Qd6 28. a4 Qh2 29. Qd1 Qh1+ 30. Ke2 Qxd1+ 31. Kxd1 c5 32. f3 f5 33. Ke2 Kf7
34. g4 Ke6 35. Kf2 Ke5 36. Kg3 exf3 37. gxf5 Kxf5 38. Kxf3 g5 39. a5 a6 40. e4+
Ke5 41. Kg4 Kxe4 42. Kxg5 Ke3 43. Kf5 Kd2 44. Ke4 Kxc2 45. Kd5 Kxb3 46. Kxc5 c2
47. Kb6 c1=Q 48. Kxa6 Kb4 0-1